000 00275nam a2200109Ia 4500
005 20251222144839.0
008 251222s9999||||xx |||||||||||||| ||spa||
082 _a248.4/C81
245 0 _aSemana Nacional de la Familia
264 _bConferencia Episcopal Peruana
942 _cLIB
999 _c21166
_d21166